000 00961cam a22003137a 4500
003 CHAP
005 20220329140915.0
008 971013s1994 r 00010 d
010 _a59628
011 _a60600
035 _a64762
040 _cCHAP
082 _a584.15
_bS44 1994
100 0 0 _aSheehan, Thomas John.
_9105582
245 1 3 _aAn illustrated survey of orchid genera
250 _aRev. ed.
260 _aPortland, Oregon :
_bTimber,
_c1994
300 _a421 p.
_b: ilus.
500 _aEd. rev. de Orchid genera illustrated
590 _aBATCH-UPD
_b10
_c20130110
_lUCH01
_h0513
590 _aBATCH-UPD
_b10
_c20130410
_lUCH01
_h0151
590 _aBATCH-UPD
_b10
_c20130914
_lUCH01
_h1853
590 _aCONVERSION
_b10
_c20130109
_lUCH01
_h1332
650 1 4 _aOrquidáceas.
_983723
700 0 _aSheehan, Marion.
_9105581
901 _aBK
942 _cLIBRO
949 _a584.15 S44 1994
_bBC
_cC
_d33724002014470
_eC
_gI.181169
_h90121
_i64762
_si
_t924.00
999 _c59628
_d59628